[Event "International Tournament"]
[Site "Mar del Plata (Argentina)"]
[Date "1959.04.05"]
[Round "12"]
[White "Bobby Fischer"]
[Black "Hector Rossetto (ARG)"]
[Result "1-0"]
[WhiteElo "2760"]
[BlackElo "2450"]
[Annotator "Eric Schiller"]
[Source ""]
[Remark "Endgame Bishoo vs. Knight general"]

1.e4 c5 2.Nf3 e6 3.d4 cxd4 4.Nxd4 a6 {The Kan Variation is a flexible Sicilian formation which is}
{popular at all levels of play. The slighlty weak dark} {squares can ee patrolled by Black's bishop, queen and}
{knights. The idea is to get in an early ...d5, usually after}
{castling the king to safety. The opening can easily slide} {into other Sicilian types, including the Scheveningen,}
{Classical, and Hedgehog formations.} {} 5.c4 {The Maroczy Bind formation by White, intended to}
{prevent Black's "Sicilian break" with ...d5, is no longer} {considered particularly effective against the Kan. At the}
{time, however, it was highly regarded.} Qc7 {It is better to play ...Nf6 immediately and deal with the}
{queen later.} {?} {!} 6.Nc3 Nf6 7.Bd3 {The bishop does not belong here and Fischer regretted}
{the decision. Black's counterplay often involves moving} {the bishop to b4, so White should have advanced the}
{pawn a3 to prevent that.} Nc6 8.Be3 {Bobby is playng the opening sloppily, which didn't}
{happen often. If Rossetto had replied correctly, Black} {would have gained the upper hand right away.}
{?} ( 8.Nxc6 dxc6 9.O-O {with equal chances was the best White could hope for at}
{this point.} ) Nxd4 {?} {!} {} ( 8...Ne5 {!} {is correct, transferring the knight to the kingside. It}
{threatens to jump to g4, where, fi White is castled, there}
{would be the threat of checkmate at h2. The knight isn't} {going to be exchanged for the bishop at d3, because}
{that is White's "bad" bishop and the knight is far} {superior to it.}
) 9.Bxd4 Bc5 {Black's position doesn't look too bad, until you look a the}
{bishop at c8 and think about its future. Eventually, it can}
{sneak to c6 via d7, but that will take time. Even at an} {early age, Bobby appreciated the possibilities that}
{come with extra moves.} 10.Bc2 ( 10.Bxc5 Qxc5 11.O-O d6 {wouldn't have given Black any problems.}
) d6 11.O-O {Castling is the obvious move, and no one seems to}
{question the wisdom of the move. I think that the critical}
{alternative of capturing at f6 deserves a look.} ( 11.Bxf6 gxf6
{shatters Black's kingside, though it does concede the} {bishop pair. White can change the situation by getting}
{rid of a pair of bishops.} 12.Ba4+ Bd7 13.Bxd7+ Qxd7 14.O-O
{and unless Black can mount a serious attack on} {the g-file, White can eventually make good progress on}
{the queenside. I prefer White's chances here to those in} {the game.}
) Bd7 {} 12.Na4 {Although Fischer did't think that White had much of an}
{adantage, even that is rather optimistic. Indeed, despite} {some inferior moves, Black had a chance to gain the}
{upper hand.} Bxd4 {?} ( 12...Bxa4 13.Bxa4+ Ke7 {is recommended by Huebner, and it certainly sems as}
{though Black has the better long term chances. White's} {pawns at c4 and e4 are weak.  Black will play ...Rhd8}
{and then can walk the king to safety via f8.} {!} ) 13.Qxd4
Rd8 ( 13...e5 {is possible here. The backward pawn at d6 will be offset}
{by White's horrible bishop and week pawns. Eventually} {the White knight can get to d5, but after an exchange}
{Black is heading for an endgame with a much mjore} {mobile bishop. Huebner analyzed this plan to a likely}
{draw.} ) 14.Rfd1 O-O {!} {Black offers the d-pawn as a temporary sacrifice.}
{Fischer is wise to decline.} {} 15.Rac1 {!} {It is often useful to aim your rook against an enemy king}
{or queen, regardless of how much junk lies on the path.} {At some point, the interfering pieces may be removed,}
{and tactics will arise. For example, if White removes} {both central pawns, Bxh7+ would win the Black queen}
{by discovered attack. This clever move discouraged} {Black from risking ...b5, which would allow the c-pawn}
{to get out of the way.} ( 15.Qxd6 Qxd6 16.Rxd6 Bxa4 17.Rxd8
Rxd8 18.Bxa4 Nxe4 {would get the pawn back with an even endgame.} )
Qa5 {Just as it was wise for White to aim the rook at the
}
{queen, it is equally wise for the queen to get out of the
}
{way. She supports the attack on the knight at a4, and} {can transfer to the center or kingside as needed.}
16.Qb6 {Fischer offers an exchange of queens. It is rare for}
{young players to want to enter tricky endgames against} {experienced opponents, but Bobby had correctly}
{evaluating the endgame as being in his favor.} Qxb6 {?} {A poor decision. Fischer was correct in evaluating the}
{transfer of the queen to e5 as dubious, but the game} {could have taken a rather exciting turn if she headed to}
{the kingside.} ( 16...Qg5 {!?} {would have offered Black a choice of pawns at d6 or}
{b7. But there was a hidden price!} 17.Qxb7 ( 17.Qxd6 {?} {is a trick that backfires.}
Bxa4 18.Qxd8 Rxd8 19.Rxd8+ Be8 ) ( 17.Rxd6 {?} {drops a rook to}
Qxc1+ ) Bxa4 18.Bxa4 Rb8 19.Qxa6 Rxb2 20.Rc2 Rbb8 {would have provided enough compensation for a pawn.}
{White's bishop is useless, and the pawn at e4 is under} {attack. Black can always handle the queenside pawns by}
{planting the knight at c5.} ) 17.Nxb6 Bc6 18.f3 Nd7 {!} {It is this move that convinced Rossetto to enter the}
{endgame. If knights are exchanged Black can just} {manage to hold the position by doubling rooks on the}
{d-file and bringing the king over to help. White's bad} {bishop makes it impossible to gain any advantage.}
{} 19.Nd5 {!} {This probably came as a shock. The point is that if Black}
{captures the knight with the e-pawn, then after White} {recaptures with the e-pawn, there is no escape for the}
{bishop. Rossetto knew better than to fall for that, but} {was too concerned about the possibility of Fischer using}
{the knight to give a check at e7, followed by a capture} {at c6. So he got rid of the knight by taking it with his}
{bishop.} Bxd5 {?} ( 19...Ne5 {!} 20.Ne7+ Kh8 21.Nxc6 bxc6 {was best. Perhaps Rossetto didn't see that on}
22.Ba4 {he could establish the knight outpost at e5 by playing}
g5 {!} {Fischer pointed out that Black could then march the}
{king along the dark squares to e7, with a fully} {satisfactory position.}
) 20.exd5 e5 ( 20...Ne5 {was safer, Fischer wrote. He would have played}
21.Be4 {expecting Black to play} b6 {where White has no real advantage because the bishop}
{is so limited in scope.} ) 21.b4 {The c5 square is not only made unavailable to the Black}
{knight. Fischer intends to occupy the square with one of} {his own pawns!}
g6 22.Ba4 b6 23.Rd3 {White doesn't have any significant advantage, but the}
{Black position is not easy to play. When Rossetton} {played ...g6, the idea was to get ready for ...f5, at least}
{taking some kingside initiative. This plan is not bad, but}
{has to be properly timed.} {} f5 {?} {Premature. There were queenside issues that had to be
}
{dealt with. The proper strategy here was to keep White
}
{from carrying out the intended adance to c5. The weak
}
{link in White's position is the pawn at g4, so it should
}
{have been challenged right away.} ( 23...a5 {!} 24.a3 f5 {was the correct plan, according to Fischer, who didn't}
{see any path to a win.} ) 24.Ra3 {!} {An odd position for the rook, but it completely}
{eliminates counterplay on the a-file, and threatens to eat}
{a pawn after capturing the knight.} Nb8 {This deals with the immediate problem, but now the}
{superiority of the bishoop over the knight is obvious.} {The knight was hoping to get to c5. That's not goingn to}
{happen.} 25.c5 {!} {The decisive opration begins! The queenside is}
{smashed open, and the bishop becomes even more} {powerful.}
{} bxc5 26.bxc5 dxc5 27.Rxc5 {The passed pawn and White's active pieces will quickly}
{overwhelm Black;s position. The gane is not yet} {hopeless, but Black is up against the wall.}
Kg7 28.Rb3 Rf7 29.d6 Nd7 30.Rc7 {The invasion of the seventh rank will soon see both}
{rooks combine their power. Enemy doubled rooks on} {the seventh rank are usually the prelude to a funeral}
{march for the king.} Nf8 31.Rbb7 Rxc7 32.dxc7 {!} {The pawn is just one square from promotion. Worse yet,}
{that square is a light square, that can be easily attacked}
{bythe bishop.} Rc8 33.Bb3 {!} {This keeps the Black king penned in. There are several}
{ways of winning, but Fsicher chooses the most elegant.} {He will place Black in "zugzwang". In zugwang, any move}
{by the zugzwanged side loses. If the rules allowed a} {"pass", there wouldn't be a problem.}
a5 ( 33...Kf6 {loses immediately to} 34.Rb8 {!} ) 34.a4 h6 35.h3
g5 36.g4 fxg4 37.hxg4 {Black resigned. The zugwang cannot be escaped. If}
{Black moves the rook, or the king, then Rb8 wins. If the} {knight moves from f8, the bishop will get to e6. Black}
{could play suicide pawn moves to e4 and h5, but that} {still only postpones the inevitable.}
{} { } 1-0

[Event "United States Championship"]
[Site "New York (USA)"]
[Date "1965.12.28"]
[Round "10"]
[White "Bobby Fischer (USA)"]
[Black "Nicolas Rossolimo (USA)"]
[Result "1-0"]
[WhiteElo "2760"]
[BlackElo "2450"]
[Annotator "Eric Schiller"]
[Source ""]
[Remark "kingside attack, intrmezzo, passivity"]

1.e4 e6 2.d4 d5 3.Nc3 Nf6 4.Bg5 Bb4 {
The opening is the MacCutcheon Variation of the French Defense. This is a cross
between the Classical defense with ...Nf6 and Winawer's plan with ...Bb4. Once
considered a surprise weapon, it is now a major branch of the French.}
{} 5.e5 {Since the knight is pinned and cannot move, Black's reply is forced.}
h6 6.Bd2 {The bishop can also retreat to e3. If it goes to h4, however, Black can play ...g5, so the knight is unpinned in any case.}
Bxc3 7.bxc3 {
This is the correct capture. White often allows the doubling of c-pawns in the
French. The bishop would not accomplish anytning sitting at c3.}
Ne4 8.Qg4 {This move forces Black to choose between defending}
{the g-pawn with the king and advaning it to g6. In the} {first case, Black cannot castle but is relatively safe at f8.}
{If the pawn advances, the dark squares on the kingside} {become weak. White can then use the h-pawn to attack.}
{} g6 {This plan is seen much more frequently, though the king}
{move is stll seen. Objectively, the strategies may have} {equal merit, but most chessplayers are uncomfortable}
{giing uo the right to castle. Computer programs show} {less reluctance.}
9.Bd3 {This forces Black t give up the well posted knight for the}
{White bishop, but at the same time, White will find it} {more difficult to exploit Black's weak dar squares,}
Nxd2 10.Kxd2 {White can't castle, but hs king has plenty of defense.}
{Black will try t o crack open the fortress.} c5 {!} 11.Nf3 Nc6
{!} {When Fischer wrote about this game back in 1969,} {opening experts preferred 11...Qc7. Now, the move}
{played by Rossolimo is considered best by many.} 12.Qf4 {Since the dark square bishop is gone, White uses the
}
{queen to work the dark squares. Black is prevented
}
{from castling, as that would drop the pawn at h6.} {} Qc7
{?!} {Rossolimo sets up a little trick. The idea is to play ...f5,
}
{and if White captures using the en passant rule, then
}
{Black would capture White queen.} {Remember, the en passant capture is aailable when the}
{opponent advances a pawn two squares and it lands} {next to one of yours. Your pawn can then capture the}
{enemy pawn as if t hadn only moved one square. So if} {Black plays ...f5, White can capture with the pawn at e5,}
{capturing at f6. Rossolimo's move eliminates the} {capture, and the queen seems to put pressure on the}
{center. Fischer thought she should go to a5 instead.}
( 12...Qa5 {pins White's pawn at c3, so a capture at d4 is} {threatened. He then recommended}
13.Rab1 {but Black has countered with} c4 14.Be2 b5 {for example}
15.a3 {, hoping to lure the queen away from the pawn at b5.}
{04Then} Bd7 {indirectly defends the pawn, because if a White rook
}
{every captures it, the knight can move away and do
}
{some damage while the Black bishop hungrily eyes the
}
{rook. So, in Golubev vs. Smikovsky, Moscow 1996,} {White shifted the rook back to a1 to defend the pawn.}
) ( 12...Qe7 {is a popular move, which has the benefit of maintaining}
{surveillance of f6 while supporting the dark squares on} {the queenside. A bit defensive for Rossolimo, a polayer}
{who just loved to attack.} ) 13.h4 {Fischer prepares to undermine the kingside.}
{Afterwards, he thought that immediate infiltration was a} {better plan.}
( 13.Qf6 Rg8 14.h4 {was his suggestion, and many years later it got a}
{practical test in the game Jepson vs. Berebora, played} {in Hungary in 1990.}
h5 15.Rhb1 cxd4 16.cxd4 Na5 17.Ng5 {put Black under considerable pressure.}
) f5 {!} {Fischer wrote that this move restores "parity". There is}
{so much tension in the position that the game lies on a} {razor's edge. There is certainly nothing drawish about}
{the position! The first mistake will prove costly. A} {second will be fatal.}
{} 14.g4 {!?} {Adding another pressure point to the mix! Fischer is}
{often at his most deadly when forces are under attack in} {multiple locations. Here there are contested squares at}
{c5, d4, f5, g4 and potentially at g5 and h5.} cxd4 15.cxd4 Ne7
{?} {The first mistake. Although the knight defends important}
{kingside squares, a more active plan was needed.}
( 15...Bd7 16.gxf5 gxf5 17.Rhg1 O-O-O {!} {would have completed Black's development. The kingwould be safe, and if Bobby played his intended}
18.Rg6 {, where he claims the better prospects, Black could}
{counter with} Qb6 {!} {and Bobby might have found himself in a bit of trouble!}
) 16.gxf5 exf5 17.Bb5+ {That's what you get when you leave your king in the}
{cnter for too long! To preserve castling privilege, Black} {can either return the knight to c6 or block with the}
{bishop. Instead, he not only gives up castling rights, but}
{moves his ing to the wrong square!} {} Kf8 {If the king had to move, it should have gone in the other
}
{direction. There is some hope of safety on the
} {queenside. Still, Black's position is not beyond repair.}
( 17...Bd7 18.Bxd7+ Qxd7 19.e6 {!} {is given by Fischer, but it does require some}
{explanation, The idea is to sacrifice the pawn to clear} {the way for an attack on the e-file, while the Black king is}
{still stuck in the center.} Qxe6 20.Rhe1 Qd7 21.Qe5 Rh7 {does leave Black tied down, but Bobby may have been a
}
{bit optimistic, as there is no clear way to get to the
}
{enemy king and Black may be able to escape by
} {castling.} )
( 17...Kd8 18.Bd3 Be6 {would have been tough to crack. Black can bring the}
{rook to c8 and create some threats of his own.} ) 18.Bd3 Be6
19.Ng1 {!} {The knight temporarily retreats to g1, so that it can find}
{a way to get to f4, once the quen movs away. The} {knight at f4 will put pressure on d5, e6, g6 and h5!}
Kf7 {Here the king helps defend the pawn at g6, but that isn't}
{a suitable task for a king! If the kign were at d8, Black} {might eventually lose a pawn on the kingside, but in the}
{meantime threats could be mounted against the White} {king.}
20.Nh3 Rac8 21.Rhg1 {More pressure at g6.} {} b6 {The problem with this move is that it cuts off the path to}
{a5, a checking square. This definitely limits Black's} {options.}
( 21...Qc3+ {also loses, according to Fischer, but Huebner has}
{raised some interesting questions about the line he} {gave.}
22.Ke3 Rc4 {, instead of 22...Nc6, looks about even. Black can later}
{play ...b6, as the queen has an alternative path to a5} {should she require one.}
) 22.h5 Qc3+ 23.Ke2 {} Nc6 {?} {This move abandons g6, which is a very bad idea with th}
{king sitting at f7. The knight at e7 provided great} {defense, though it was just sitting there. Defending the}
{pawn with the king in order to free the knight to go on} {other errands was the strategic blunder in this game,}
( 23...Rcg8 {
was correct. Oce you have been forced to defend passively, you may as well go
all the way. Trying to transform your position from passive defense to active
counterplay is rarely possible because there are too many defensive needs that
have to take priority. Rossolimo wasn't fond of defense, and decided to go for activity at all costs.}
24.hxg6+ Nxg6 ( 24...Rxg6 25.Qh4 {brings a decisive advanatage, according to Fischer.
}
{Huebner checked this out and offered the following} {supporting line, which contains an excellent example of}
{an intermezzo:} Rhg8 26.Rxg6 Rxg6 27.Rg1 Rxg1 28.Qf6+ {Instead of recapturing at g1 right away, White uses an}
{intermezzo to drive then enemy king back. After the} {capture at g1, Black will be abe to grab the d-pawn but}
{then his king gets scissored.} Ke8 29.Nxg1 Qxd4 {?} 30.Bb5+
Kd8 31.Qf8+ Kc7 32.Qxe7+ {and mate in 7!} ) 25.Qf3 {was left with no further comment by Fischer. The}
{assumption is that the pawn at f5 will fall and the game is}
{over. Again, Huebner calls this into question with the} {simple}
Qxd4 {threatening to caoture with check!} {Instead  of moving the queen to f3, he finds a path to}
{the advantage by capturing at g6 right away.} ) 24.hxg6+ Kg7
25.Rad1 {!} {The finishing touch. Fischer sacrifices the d-pawn but}
{can now retreat the king to the home rank. This was not} {possible with the rook under attack at a1, since the king}
{retreat would then cut off the defending rook at g1 and} {the rook would fall with check.}
{} Nxd4+ 26.Kf1 Rhe8 27.Rg3 {!} {Precision to the end! Rossolimo was not without}
{resources, even in this position. Fischer spotted th} {trick.}
( 27.Qh4 {threatens to invade at f6 but it allows Black to get away}
{04with} Nf3 {!} 28.Qf6+ Kg8 29.Bxf5 Nh2+ {!} 30.Kg2 Qf3+ 31.Kxh2
Qxf5 {and Black has reasnabkle prospects for survival.} ) Nc6
{How sad. The knight just keeps coming back to this} {square, never accomplishing anything significant.}
28.Qh4 Nxe5 {White no longer has the check at f6, but there are other}
{ problems.} 29.Nf4 {!} Ng4 ( 29...Nxd3 30.Rdxd3 Qa1+ 31.Kg2
{and Nh5+ is coming.} ) 30.Nxe6+ Rxe6 31.Bxf5 Qc4+ 32.Kg1 {The White king has found safety in the kingside castle,
}
{so Black, facing multiple shish-kabob on te c8-h3} {diagonal, fourth rank  and
}
{g-file, resigned.} {} { } 1-0